|
|
|
|
| LEADER |
02344nam a2200505 4500 |
| 001 |
978-3-540-68689-7 |
| 003 |
DE-He213 |
| 005 |
20191027202204.0 |
| 007 |
cr nn 008mamaa |
| 008 |
121227s1997 gw | s |||| 0|eng d |
| 020 |
|
|
|a 9783540686897
|9 978-3-540-68689-7
|
| 024 |
7 |
|
|a 10.1007/BFb0018028
|2 doi
|
| 040 |
|
|
|d GrThAP
|
| 050 |
|
4 |
|a QD146-197
|
| 072 |
|
7 |
|a PNK
|2 bicssc
|
| 072 |
|
7 |
|a SCI013030
|2 bisacsh
|
| 072 |
|
7 |
|a PNK
|2 thema
|
| 082 |
0 |
4 |
|a 546
|2 23
|
| 245 |
1 |
0 |
|a Structural and Electronic Paradigms in Cluster Chemistry
|h [electronic resource] /
|c edited by D.M.P. Mingos.
|
| 250 |
|
|
|a 1st ed. 1997.
|
| 264 |
|
1 |
|a Berlin, Heidelberg :
|b Springer Berlin Heidelberg :
|b Imprint: Springer,
|c 1997.
|
| 300 |
|
|
|a XII, 211 p. 84 illus.
|b online resource.
|
| 336 |
|
|
|a text
|b txt
|2 rdacontent
|
| 337 |
|
|
|a computer
|b c
|2 rdamedia
|
| 338 |
|
|
|a online resource
|b cr
|2 rdacarrier
|
| 347 |
|
|
|a text file
|b PDF
|2 rda
|
| 490 |
1 |
|
|a Structure and Bonding,
|x 0081-5993 ;
|v 87
|
| 505 |
0 |
|
|a Mathematical cluster chemistry -- Metal-metal interactions in transition metal clusters with ?-donor ligands -- Electron count versus structural arrangement in clusters based on a cubic transition metal core with bridging main group elements -- Metallaboranes -- Clusters with interstitial atoms from the p-block: How do Wade's rules handle them? -- Diverse naked clusters of the heavy main-group elements. Electronic regularities and analogies.
|
| 520 |
|
|
|a See information text.
|
| 650 |
|
0 |
|a Inorganic chemistry.
|
| 650 |
|
0 |
|a Atoms.
|
| 650 |
|
0 |
|a Physics.
|
| 650 |
1 |
4 |
|a Inorganic Chemistry.
|0 http://scigraph.springernature.com/things/product-market-codes/C16008
|
| 650 |
2 |
4 |
|a Atomic, Molecular, Optical and Plasma Physics.
|0 http://scigraph.springernature.com/things/product-market-codes/P24009
|
| 700 |
1 |
|
|a Mingos, D.M.P.
|e editor.
|4 edt
|4 http://id.loc.gov/vocabulary/relators/edt
|
| 710 |
2 |
|
|a SpringerLink (Online service)
|
| 773 |
0 |
|
|t Springer eBooks
|
| 776 |
0 |
8 |
|i Printed edition:
|z 9783662148167
|
| 776 |
0 |
8 |
|i Printed edition:
|z 9783662148150
|
| 776 |
0 |
8 |
|i Printed edition:
|z 9783540627913
|
| 830 |
|
0 |
|a Structure and Bonding,
|x 0081-5993 ;
|v 87
|
| 856 |
4 |
0 |
|u https://doi.org/10.1007/BFb0018028
|z Full Text via HEAL-Link
|
| 912 |
|
|
|a ZDB-2-CMS
|
| 912 |
|
|
|a ZDB-2-BAE
|
| 950 |
|
|
|a Chemistry and Materials Science (Springer-11644)
|